El mundo animal / (Registro nro. 9259)

Detalles MARC
000 -LIDER
fixed length control field 00688nam a22002657a 4500
001 - NÚMERO DE CONTROL
Identificador de número de control 0177
003 - IDENTIFICACDOR DE NÚMERO DE CONTROL
control field DO-SdBNP
005 - DATE AND TIME OF LATEST TRANSACTION
control field 20180205134237.0
007 - CAMPOS FIJOS DE DESCRIPCIÓN FÍSICA
fixed length control field 0177
008 - ELEMENTOS DE LONGITUD FIJA
fixed length control field 151005b 200 2006 sp 00| 0 spa d
020 ## - ISBN
International Standard Book Number 8466211594
040 ## - FUENTE DE CATALOGACIÓN
Agencia que crea de manera original el registro BPMSU
Idioma de catalogación spa
Agencia que realiza la transcripción BPMSU
240 ## - TITULO UNIFORME
Título uniforme Animals
Idioma de una obra Español
245 13 - MENCIÓN DE TITULO
Título El mundo animal /
Mención de responsabilidad traducción Belén López
260 ## - PUBLICACIÓN, DISTRIBUCIÓN, ETC. (PIE DE IMPRENTA)
Lugar de publicación, distribución, etc Madrid :
Nombre del editor, distribuidor, etc. Libsa,
Fecha de publicación, distribución, etc 2006.
300 ## - DESCRIPCIÓN FÍSICA
Extensión 48 p :
Otros detalles físicos il.
Dimensiones 27cm.
490 1# - MENCIÓN DE SERIES
Mención de serie Biblioteca visual juvenil
500 ## - NOTA GENERAL
Nota general Incluye índice
534 ## - NOTA SOBRE LA VERSIÓN ORIGINAL
Asiento principal del original Animals
700 12 - ASIENTO SECUNDARIO -- NOMBRE PERSONAL
Nombre personal López, Belén
Mención de responsabilidad trad.
830 #0 - ASIENTO SECUNDARIO DE SERIE--TÍTULO UNIFORME
Título uniforme Biblioteca visual juvenil
942 ## - ADDED ENTRY ELEMENTS (KOHA)
Source of classification or shelving scheme Dewey Decimal Classification
Koha item type Libros
945 ## - INFORMACIÓN DE PROCESAMIENTO LOCAL
Información de procesamiento local Inventariado, 2018/MFF
956 ## - LOCAL ELECTRONIC LOCATION AND ACCESS (OCLC)
Nombre de host Yngrid Lockward
Existencias
Withdrawn status Lost status Source of classification or shelving scheme Damaged status Not for loan Collection code Home library Current library Date acquired Source of acquisition Total Checkouts Barcode Date last seen Price effective from Koha item type
    Dewey Decimal Classification     Colección Juvenil General Biblioteca Pública Metropolitana Salomé Ureña Biblioteca Pública Metropolitana Salomé Ureña 03/16/2016 Donación   BPMSU16030134 03/16/2016 03/16/2016 Libros